| 000 | 01153nam a22003617a 4500 | ||
|---|---|---|---|
| 001 | BR0405744 | ||
| 003 | BR-BrBNA | ||
| 005 | 20230928101755.0 | ||
| 007 | ta | ||
| 008 | 230509b bl.||||| |||| 00| 0 por d | ||
| 040 |
_aBR-BrBNA _bpor _cBiblioteca Nacional de Agricultura |
||
| 041 | _a(Por) | ||
| 072 |
_aF30; P34 _b3290 |
||
| 090 | _ 3290 BR0405744 | ||
| 100 | 1 | _aSilva, A.C. da | |
| 110 | 1 |
_aUniversidade Federal de Lavras, MG (Brasil) _0Tese (Mestrado) |
|
| 245 | 1 | _aVariações genéticas em candeia (Eremanthus erythropappus (DC.)MacLeish): simbiose e desenvolvimento radicular e estabelecimento inicial em áreas degradadas | |
| 260 | 3 |
_aLavras, MG (Brasil): _c2003. |
|
| 300 | _a133 p. | ||
| 500 | _aSummaries (Eng, Por), Several bibliography; 23 tables; 20 illus. | ||
| 650 | _aCANDEIA | ||
| 650 | _aÁRVORE ANGIOSPERMA | ||
| 650 | _aSIMBIOSE | ||
| 650 | _aMICORRIZA | ||
| 650 | _aSISTEMA RADICULAR | ||
| 650 | _aRAIZ | ||
| 650 | _aSELEÇÃO GENÓTIPA | ||
| 650 | _aMODELO MATEMÁTICO | ||
| 650 | _aDETERIORAÇÃO DO SOLO | ||
| 650 | _aRECUPERAÇÃO DO SOLO | ||
| 909 |
_a202309 _bLucia _c55 _dLucia Elande |
||
| 942 | _cBK | ||
| 999 |
_c67513 _d67513 |
||